000 00985cad a22002175a 4500
001 E152748
008 110419s2010 xxk f 000 0 eng d
035 _a(Sirsi) u152748
041 0 _aeng
110 2 _aMcGrigors
_95941
245 0 0 _aProperty litigation mini guide
_bplanning issues for landlords and tenants
_h[electronic resource]
260 _a[Scotland]
_bMcGrigors
_c2010
490 0 _aMcGrigors Property Litigation Mini Guide
_v(10) October 2010
520 _aLooks at issues that can arise in relation to planning for landlords and tenants, and suggests possible solutions. Topics covered include use, internal and external works.
590 _aKA
651 4 _aScotland
_y1999-
690 _aPROPERTY-LEASEHOLD PROPERTY-LANDLORD AND TENANT
690 _aENVIRONMENTAL AND LAND CONSULTANCY-PLANNING AND DEVELOPMENT
856 4 0 _uhttps://www.mcgrigors.com/pdfdocs/Property-Litigation-Miniguide.pdf
_zView the mini guide free of charge at www.mcgrigors.com
942 _n0
999 _c112196
_d112196